[Event "ACL-A082"]
[Site "www.playchess.de"]
[Date "2001.03.18"]
[Round "4"]
[White "the_king"]
[Black "Steve_Jackson"]
[WhiteElo "1500"]
[BlackElo "1500"]
[PlyCount "44"]
[Result "0-1"]

1.c4 e5 2.d3 Nf6 3.Nc3 Nc6 4.Nf3 d5 5.cxd5 Nxd5 
6.Nxd5 Qxd5 7.e4 Qa5+ 8.Qd2 Bb4 9.Be2 Qb6 10.O-O 
Bxd2 11.Bxd2 Bg4 {Why do u keep offering draw?}  
12.b3 {cos' my draw always not accept by opponet.i 
try my best to offer draw}  Bxf3 {I'm up by a 
queen so I couldn't hardly draw.}  13.Bxf3 {up to 
you}  Nd4 14.h3 Nxf3+ {You want to resign?}  
15.gxf3 {no.i just wait for your answer whereas 
want to draw or not}  O-O-O {no}  16.Be3 {ok}  Qf6 
17.Rfd1 Qxf3 18.Rac1 Qxh3 {Do u want to resign?}  
19.Bxa7 {i won't resign}  Rd6 {I won't accept the 
draw because this game is almost over.}  20.f3 
Rg6+ 21.Kf2 Rg2+ 22.Ke3 Qh6+ {game over 1 
move...bye bye}  0-1

[Event "HCL-A073"]
[Site "www.playchess.de"]
[Date "2001.03.18"]
[Round "22"]
[White "teenspirit"]
[Black "Blunderer"]
[WhiteElo "1755"]
[BlackElo "1945"]
[PlyCount "36"]
[Result "1/2-1/2"]

1.d4 {Hi nice to play u}  Nf6 2.Nf3 d5 3.c4 e6 
4.Nc3 Be7 5.Bg5 Nbd7 6.e3 O-O 7.Rc1 c6 8.Bd3 dxc4 
9.Bxc4 Nb6 10.Bd3 Nfd5 11.Bxe7 Qxe7 12.O-O Nd7 
13.Qb3 Nxc3 14.Qxc3 f6 15.b4 e5 16.dxe5 Nxe5 
17.Nxe5 Qxe5 18.Qxe5 {wanna draw?}  fxe5 {OK} 
 1/2-1/2

[Event "ACL-A091"]
[Site "www.playchess.de"]
[Date "2001.03.18"]
[Round "5"]
[White "Habi"]
[Black "hun"]
[WhiteElo "1403"]
[BlackElo "1620"]
[PlyCount "55"]
[Result "1-0"]

1.e4 c5 2.Nf3 e6 3.d4 cxd4 4.Nxd4 a6 5.Bd3 Nf6 
6.O-O d6 7.Bg5 e5 8.Bxf6 Qxf6 9.Nf5 Bxf5 10.exf5 
Be7 11.Nc3 O-O 12.Nd5 Qg5 13.f4 exf4 14.h4 Qxh4 
15.Rxf4 Qh6 16.Nxe7+ Kh8 {gute zug....    ;))}  
17.Qf3 Nd7 {-}  18.Rf1 Qf6 19.Qh3 h6 20.Nd5 Qg5 
21.Rg4 Qd2 22.f6 Nxf6 23.Nxf6 Rad8 24.Rxg7 Kxg7 
25.Qf5 Qe3+ 26.Kh1 Rfh8 27.Nh5+ Kg8 {Gratuliere!!! 
   :)}  28.Qxf7+ 1-0

[Event "HCL-A074"]
[Site "www.playchess.de"]
[Date "2001.03.18"]
[Round "36"]
[White "Drugo_Izdanje"]
[Black "Eaglewingz"]
[WhiteElo "1873"]
[BlackElo "1383"]
[PlyCount "68"]
[Result "0-1"]

1.e4 c5 {Hello, and good luck}  2.d4 cxd4 3.c3 d3 
4.Bxd3 Nc6 5.c4 e6 6.Nc3 Nf6 7.Nf3 d6 8.O-O Be7 
9.h3 O-O 10.Bf4 e5 11.Be3 h6 12.Qe2 Be6 13.Rfd1 
Qd7 14.a3 Rfc8 15.Nd5 b6 16.b4 Rab8 17.b5 Nd8 
18.a4 Nb7 19.Bxb6 Bxd5 20.Bxa7 Rba8 21.b6 Bc6 
22.a5 Nc5 23.Bc2 Rxa7 24.bxa7 Qxa7 25.Nd2 Bd8 
26.Nb3 Nxb3 27.Bxb3 Nxe4 28.Qe3 Qxe3 29.fxe3 Bg5 
30.Bc2 Bxe3+ 31.Kh2 Bd4 32.Ra3 Rb8 33.Rb1 Rxb1 
34.Bxb1 Nd2 0-1

[Event "HCL-C180"]
[Site "www.playchess.de"]
[Date "2001.03.18"]
[Round "1"]
[White "dg"]
[Black "ictus"]
[WhiteElo "1085"]
[BlackElo "1276"]
[PlyCount "62"]
[Result "0-1"]

1.e4 e6 2.Nf3 d5 3.e5 c5 4.d3 Nc6 5.Nbd2 Nge7 6.b3 
Ng6 7.Bb2 d4 8.Qe2 Nb4 9.Qd1 f6 10.a3 Nd5 11.c4 
Nb6 12.exf6 Qxf6 13.g3 Bd7 14.Bg2 Bd6 15.O-O h5 
16.Ne4 Qe7 17.Nxd6+ Qxd6 18.Nd2 h4 19.Bxb7 Rb8 
20.Be4 e5 21.Qc2 hxg3 22.fxg3 Bc6 23.a4 Kd7 
24.Rf7+ Ne7 25.Rxg7 Qh6 26.Bxc6+ Kxc6 27.Rxe7 
Qxh2+ 28.Kf1 Rbf8+ 29.Ke1 Qf2+ 30.Kd1 Rh1+ 31.Nf1 
Rxf1+ 0-1

[Event "HCL-A078"]
[Site "www.playchess.de"]
[Date "2001.03.18"]
[Round "7"]
[White "radi2001"]
[Black "bondegnasker"]
[WhiteElo "1700"]
[BlackElo "1610"]
[PlyCount "36"]
[Result "0-1"]

1.d4 Nf6 2.c4 c5 3.d5 b5 4.cxb5 a6 5.bxa6 Bxa6 
6.Nc3 d6 7.e4 Bxf1 8.Kxf1 g6 9.Nf3 Bg7 10.g3 O-O 
11.Kg2 Nbd7 12.h3 Ra7 13.Re1 Qa8 14.a4 Nb6 15.Qc2 
e6 16.dxe6 fxe6 17.Qb3 d5 18.Qxb6 
Ra6 0-1

[Event "HCL-A078"]
[Site "www.playchess.de"]
[Date "2001.03.18"]
[Round "10"]
[White "eastman"]
[Black "radi2001"]
[WhiteElo "1700"]
[BlackElo "1700"]
[PlyCount "37"]
[Result "1-0"]

1.c4 {hello radi! let's have a nice game.}  e5 
2.g3 Nf6 3.Bg2 d5 4.cxd5 Nxd5 5.Nc3 Nb6 6.d3 Nc6 
7.Nf3 Be7 8.O-O Be6 9.a3 O-O 10.b4 Bf6 11.Bb2 a6 
12.Ne4 Bf5 13.Nfd2 Be7 14.Rc1 f6 15.Nc5 Bxc5 
16.Rxc5 {Why you don't like my lovely Knight?}  
Bd7 17.Qb3+ Kh8 18.Rfc1 Qe7 19.e3 1-0

[Event "HCL-C187"]
[Site "www.playchess.de"]
[Date "2001.03.18"]
[Round "10"]
[White "xerxes2u"]
[Black "sonnyspock"]
[WhiteElo "1375"]
[BlackElo "1139"]
[PlyCount "53"]
[Result "1-0"]

1.Nf3 d5 2.g3 Bg4 3.Bg2 Nd7 4.d3 e6 5.Nbd2 Bd6 
6.O-O Ngf6 7.b3 c6 8.Bb2 Qc7 9.e4 dxe4 10.dxe4 h5 
11.Qc1 O-O-O 12.Re1 Rdg8 13.e5 Bxf3 14.Nxf3 Nxe5 
15.Nxe5 h4 16.Nc4 hxg3 17.hxg3 Bxg3 18.fxg3 Qxg3 
19.Be5 Qg4 20.Nd6+ Kd7 21.Qd2 Nd5 22.Nxb7 Kc8 
23.Nd6+ Kd7 24.Nxf7 Rh3 25.Qa5 Ra8 26.Rad1 Rg3 
27.Bxg3 1-0

[Event "HCL-B182"]
[Site "www.playchess.de"]
[Date "2001.03.18"]
[Round "3"]
[White "chessrookie"]
[Black "LUPES"]
[WhiteElo "1825"]
[BlackElo "1781"]
[PlyCount "111"]
[Result "1/2-1/2"]

1.c4 {Hello and good luck.}  e5 2.g3 Nf6 3.Bg2 Bc5 
4.Nc3 O-O 5.e3 Nc6 6.a3 d6 7.b4 Bb6 8.h3 a5 9.b5 
Ne7 10.Nf3 Be6 11.d3 c6 12.Bb2 h6 13.O-O Bc7 
14.Qe2 Ng6 15.Rfc1 Qd7 16.Kh2 Rfc8 17.d4 e4 18.Nd2 
d5 19.Nb3 Rab8 20.Nc5 Qe7 21.bxc6 bxc6 22.Na6 Rba8 
23.Nxc7 Rxc7 24.Na4 Rb7 25.Nc5 Rbb8 26.Bc3 Nd7 
27.Na6 Rb6 28.cxd5 cxd5 29.Nc7 Ra7 30.Nxe6 fxe6 
31.Qd2 Rc6 32.Bf1 Rc8 33.Bxa5 Rxc1 34.Rxc1 Qxa3 
35.Bb4 Qb3 36.Kg2 Ra2 37.Qc3 Qxc3 38.Rxc3 Ra7 
39.f4 exf3+ 40.Kxf3 e5 41.Ra3 e4+ 42.Ke2 Rb7 
43.Bc3 Kf7 44.Kf2 Nf6 45.Ba6 Rb1 46.Be2 Ne7 47.Ra7 
h5 48.g4 hxg4 49.hxg4 g5 50.Kg2 Rb3 51.Rc7 Ne8 
52.Rc5 Nf6 53.Kf2 Neg8 54.Kg3 Nh6 55.Rc8 Ke7 
56.Kh3 1/2-1/2

[Event "HCL-A079"]
[Site "www.playchess.de"]
[Date "2001.03.18"]
[Round "30"]
[White "celle"]
[Black "klypp"]
[WhiteElo "1700"]
[BlackElo "2119"]
[PlyCount "22"]
[Result "0-1"]

1.e4 c5 2.Nf3 e6 3.Qe2 Nc6 4.g3 g6 5.Bg2 Bg7 6.O-O 
d6 7.d3 Nge7 8.c3 O-O 9.Na3 Rb8 10.Nc2 b5 11.d4 
b4 0-1

[Event "HCL-A082"]
[Site "www.playchess.de"]
[Date "2001.03.18"]
[Round "5"]
[White "Belka"]
[Black "Green_Lantern"]
[WhiteElo "1720"]
[BlackElo "1900"]
[PlyCount "59"]
[Result "1/2-1/2"]

1.Nf3 d6 2.d4 Nf6 3.c4 Nbd7 4.Nc3 h6 5.e3 e5 6.d5 
Be7 7.b3 c6 8.Bb2 Nf8 9.Bd3 Ng6 10.O-O O-O 11.Qc2 
Bg4 12.dxc6 bxc6 13.Bxg6 fxg6 14.Qxg6 Qd7 15.Nh4 
d5 16.f3 Bh5 17.Qd3 dxc4 18.Qf5 Bb4 19.bxc4 Qd2 
20.Nd1 Bf7 21.Rc1 {Sorry, very interesting 
position...ok?:)}  Qe2 {Doesn't matter to me...if 
you want to play...we play.}  22.Qc2 Qxc2 23.Rxc2 
Rfe8 {My e-mail stated that you sent a message, 
however, there was none???}  24.Nf2 {No, i didn't 
to send a message...:)}  Rad8 {Sorry...}  25.Nf5 
Bc5 26.e4 Nd7 27.Bc1 Bf8 28.c5 Bxc5 29.Rd1 Bb6 
30.Kf1 {I'm sorry, I think (past time:)), my 
position is more better... I hope, all ok? :) 1 
more Sorry....}  1/2-1/2

[Event "HCL-A081"]
[Site "www.playchess.de"]
[Date "2001.03.18"]
[Round "10"]
[White "Belka"]
[Black "kondor"]
[WhiteElo "1720"]
[BlackElo "1638"]
[PlyCount "84"]
[Result "1/2-1/2"]

1.f4 d5 2.Nf3 g6 3.e3 Bg7 4.d4 Nf6 5.c4 c6 6.a3 
Bf5 7.Nc3 O-O 8.h3 Ne4 9.Nxe4 Bxe4 10.Ng5 Bf5 
11.g4 Bd7 12.c5 b6 13.Qc2 f6 14.Nf3 e5 15.Bd2 exd4 
16.Nxd4 f5 17.g5 Qe7 18.Nb3 bxc5 19.Nxc5 Bxb2 
20.Qxb2 Qxc5 21.Qb7 Qb6 22.Qxa8 Na6 23.Qxf8+ Kxf8 
24.Rc1 Kf7 25.h4 Nc5 26.h5 gxh5 27.Rxh5 Kg8 28.Rh6 
Ne4 29.Bd3 Nxd2 30.Kxd2 Qb2+ 31.Rc2 Qxa3 32.Ke2 
Qe7 33.Rb2 d4 34.Rb8+ Kg7 35.Rh3 Qe6 36.Rb7 a5 
37.Ra7 Qd5 38.Ke1 dxe3 39.Rxe3 Kf8 40.Rh3 Qd4 
41.Rb7 Kg8 42.Rb8+ Kg7 1/2-1/2

[Event "HCL-A077"]
[Site "www.playchess.de"]
[Date "2001.03.18"]
[Round "3"]
[White "Belka"]
[Black "kondor"]
[WhiteElo "1720"]
[BlackElo "1638"]
[PlyCount "87"]
[Result "1/2-1/2"]

1.e4 e5 2.Nf3 Nc6 3.Bb5 Nf6 4.d3 d6 5.c3 g6 6.O-O 
Bg7 7.Nbd2 O-O 8.Re1 Qe7 9.d4 Nd8 10.Nf1 c6 11.Bd3 
Nh5 12.Ng3 Nxg3 13.hxg3 Bg4 14.dxe5 dxe5 15.Qc2 h5 
16.a4 Re8 17.Bc4 Be6 18.Bxe6 Nxe6 19.Be3 Qc7 20.a5 
Bf8 21.b4 c5 22.Qb3 c4 23.Qa4 Red8 24.Red1 Rd3 
25.Qc2 Qd6 26.Ne1 Rxd1 27.Rxd1 Qc6 28.Nf3 f6 
29.Qa2 Qxe4 30.Nd2 Qd5 31.Qxc4 Qxc4 32.Nxc4 Rc8 
33.Nd2 a6 34.Nb1 Rd8 35.Rxd8 Nxd8 36.Kf1 Kf7 
37.Ke2 Ke6 38.Kd3 Nc6 39.Nd2 f5 40.f3 Be7 41.Nb3 
g5 42.Bc5 Bd8 43.Bf2 Be7 44.Bc5 1/2-1/2

[Event "HCL-A081"]
[Site "www.playchess.de"]
[Date "2001.03.18"]
[Round "14"]
[White "jimmyaaa"]
[Black "Belka"]
[WhiteElo "1700"]
[BlackElo "1720"]
[PlyCount "34"]
[Result "1/2-1/2"]

1.e4 c6 2.d4 d5 3.exd5 cxd5 4.c4 Nf6 5.Nc3 Nc6 
6.Bg5 Qa5 7.Qd2 e5 8.Bxf6 gxf6 9.Nf3 Bg4 10.cxd5 
Bxf3 11.dxc6 Bxc6 12.d5 O-O-O 13.O-O-O Kb8 14.Bc4 
Bd7 15.Qe2 Bf5 16.Ne4 Bg6 17.Kb1 
f5 1/2-1/2

[Event "HCL-A077"]
[Site "www.playchess.de"]
[Date "2001.03.18"]
[Round "9"]
[White "JL"]
[Black "kondor"]
[WhiteElo "1800"]
[BlackElo "1638"]
[PlyCount "84"]
[Result "0-1"]

1.f4 Nf6 2.Nf3 g6 3.g3 Bg7 4.Bg2 O-O 5.O-O d5 6.d3 
Nbd7 7.Nc3 c6 8.e4 dxe4 9.dxe4 e5 10.f5 Qb6+ 
11.Kh1 Nc5 12.Nh4 g5 13.Bxg5 Qxb2 14.Bd2 b6 15.Rb1 
Qa3 16.g4 h6 17.Bf3 Ba6 18.Rg1 Rfd8 19.Qe1 Nh7 
20.g5 Nxg5 21.Bxg5 hxg5 22.Rxg5 Kf8 23.Rxg7 Kxg7 
24.Qe3 Rdh8 25.Qg5+ Kf8 26.Ng6+ fxg6 27.Qf6+ Ke8 
28.Qxh8+ Kd7 29.Qg7+ Kc8 30.Qxe5 Nd7 31.Qg7 Qf8 
32.Qxg6 Kc7 33.Qh7 Re8 34.Rg1 Re7 35.Qg8 Qf6 
36.Ne2 Ne5 37.Bh5 Qh4 38.Ng3 Rd7 39.Qe8 Nc4 40.Nf1 
Nd6 41.Qh8 Qxe4+ 42.Rg2 Bxf1 0-1

[Event "HCL-A077"]
[Site "www.playchess.de"]
[Date "2001.03.18"]
[Round "12"]
[White "QWZ"]
[Black "Belka"]
[WhiteElo "1900"]
[BlackElo "1720"]
[PlyCount "81"]
[Result "1-0"]

1.e4 c5 2.Nf3 d6 3.Bb5+ Bd7 4.Bxd7+ Nxd7 5.c4 Ngf6 
6.Nc3 g6 7.O-O Bg7 8.d4 cxd4 9.Nxd4 O-O 10.b3 Qa5 
11.Bb2 a6 12.Qe2 Qh5 13.Qxh5 Nxh5 14.Rad1 Nhf6 
15.Rfe1 Rfd8 16.Re2 Nc5 17.g3 Rac8 18.Kg2 h5 19.f3 
Rc7 20.Bc1 Ncd7 21.Bb2 Nc5 22.Nc2 Rb8 23.Nd4 Rd8 
24.Ba3 Ncd7 25.Bb4 Rb8 26.Ba5 Rc5 27.Bb4 Rc7 28.f4 
Nf8 29.e5 dxe5 30.fxe5 Ng4 31.Nd5 Rd7 32.e6 fxe6 
33.Nxe6 Nxe6 34.Rxe6 Kf7 35.Rde1 Bf6 36.h3 Nh6 
37.Bxe7 Bxe7 38.R6xe7+ Rxe7 39.Rxe7+ Kg8 40.Nf6+ 
Kf8 41.Rh7 1-0

[Event "ACL-A100"]
[Site "www.playchess.de"]
[Date "2001.03.18"]
[Round "21"]
[White "jalal"]
[Black "deepcover"]
[WhiteElo "1500"]
[BlackElo "1696"]
[PlyCount "87"]
[Result "1/2-1/2"]

1.f4 d5 2.Nf3 g6 3.d3 Bg7 4.e3 Nf6 5.Be2 O-O 6.O-O 
c5 7.Qe1 Nc6 8.Kh1 Re8 9.Ne5 Qd6 10.Qg3 Nd7 
11.Nxc6 Qxc6 12.Nc3 f5 13.Bf3 Bxc3 14.bxc3 e5 
15.d4 e4 16.Bd1 cxd4 17.cxd4 Qc3 18.Rb1 Qc4 19.Qe1 
Qxa2 20.Rb3 Nb6 21.Rf2 Nc4 22.Be2 Re6 23.Bxc4 dxc4 
24.Ra3 Qb1 25.c3 Rb6 26.Rfa2 a6 27.R2a1 Qd3 28.h3 
Rb1 29.Rxb1 Qxb1 30.Bd2 Qxe1+ 31.Bxe1 a5 32.Bh4 
Kf7 33.Bd8 a4 34.Bb6 Ra6 35.Bc5 b6 36.Bb4 h5 
37.Kg1 Kf6 38.h4 Bb7 39.Ra2 b5 40.Ba3 Bc6 41.Kf2 
Ke6 42.Ke2 Ra8 43.Rd2 Kd5 44.Rb2 1/2-1/2

[Event "HCL-A088"]
[Site "www.playchess.de"]
[Date "2001.03.18"]
[Round "12"]
[White "Chess_man_Mark"]
[Black "peze"]
[WhiteElo "1700"]
[BlackElo "2005"]
[PlyCount "42"]
[Result "0-1"]

1.e4 e5 2.Nf3 Nf6 3.Nc3 Nc6 4.Bb5 Nd4 5.Bc4 d6 
6.d3 Bg4 7.Be3 c6 8.h3 Bxf3 9.gxf3 d5 10.exd5 cxd5 
11.Bb3 Nxb3 12.axb3 d4 13.Bxd4 exd4 14.Ne4 Nd5 
15.Qe2 Bb4+ 16.Nd2+ Kd7 17.O-O-O Qa5 18.c3 Bxc3 
19.bxc3 Qa3+ 20.Kc2 Qa2+ 21.Kc1 
dxc3 0-1

[Event "ACL-A105"]
[Site "www.playchess.de"]
[Date "2001.03.18"]
[Round "6"]
[White "Chess_man_Mark"]
[Black "dakini"]
[WhiteElo "1500"]
[BlackElo "1608"]
[PlyCount "62"]
[Result "0-1"]

1.e4 d6 {good luck}  2.d4 Nf6 3.Nc3 e5 4.d5 Be7 
5.Nf3 Bg4 6.h3 Bxf3 7.Qxf3 O-O 8.Bg5 Nxd5 9.Bxe7 
Nxe7 10.Bc4 Nbc6 11.O-O-O a6 12.Nd5 b5 13.Bd3 Nd4 
14.Qe3 c6 15.Nxe7+ Qxe7 16.c3 Ne6 17.g3 a5 18.f4 
b4 19.Bc4 bxc3 20.Bxe6 cxb2+ 21.Kb1 Qxe6 22.Rd2 f5 
23.Rxb2 exf4 24.gxf4 Qxe4+ 25.Qxe4 fxe4 26.Rf1 
Rab8 {see you tomorrow   good night}  27.Rxb8 
Rxb8+ 28.Ka1 Kf7 29.Rc1 c5 30.Rc4 e3 31.Re4 
Re8 0-1

[Event "HCL-B198"]
[Site "www.playchess.de"]
[Date "2001.03.18"]
[Round "3"]
[White "Worf"]
[Black "hassell"]
[WhiteElo "1500"]
[BlackElo "1500"]
[PlyCount "76"]
[Result "1/2-1/2"]

1.d4 Nf6 2.Nf3 g6 3.Bf4 Bg7 4.e3 O-O 5.Bc4 d5 
6.Bb3 Nbd7 7.O-O c5 8.c3 b6 9.Nbd2 Bb7 10.h3 Re8 
11.Ne5 Rc8 12.Ng4 Nxg4 13.Qxg4 e5 14.dxe5 Nxe5 
15.Bxe5 Bxe5 16.Rad1 f5 17.Qe2 Bg7 18.Qf3 Qd7 
19.e4 fxe4 20.Nxe4 c4 {good move!}  21.Bc2 dxe4 
22.Rxd7 exf3 23.Rxb7 Re2 24.Bd1 Rxb2 25.Rxa7 fxg2 
26.Kxg2 Bxc3 27.Bg4 Re8 28.Rc1 Be1 29.Rxc4 Rxf2+ 
30.Kg1 {nice game}  Ref8 31.Rc8 b5 32.Be6+ Kh8 
33.Rxf8+ Rxf8 34.Rc7 b4 35.Rc8 Rxc8 36.Bxc8 Kg7 
37.Be6 Kf6 38.Bb3 {want you win this game?}  
Ke5 1/2-1/2

[Event "HCL-B203"]
[Site "www.playchess.de"]
[Date "2001.03.18"]
[Round "3"]
[White "BELAJ_BOY"]
[Black "deadeasy"]
[WhiteElo "1200"]
[BlackElo "1872"]
[PlyCount "38"]
[Result "0-1"]

1.e4 {hi...good luck!}  c5 {hello from london}  
2.Nf3 d6 3.d4 cxd4 4.Nxd4 Nf6 5.Nc3 g6 6.Be2 Bg7 
7.O-O O-O 8.Bf3 Bd7 9.Be3 Nc6 10.Nce2 Ne5 11.Ng3 
Nxf3+ 12.Nxf3 Qc7 13.h3 Bc6 14.Nd2 d5 15.exd5 Nxd5 
16.c3 Nxe3 17.fxe3 Qxg3 18.Nf3 Rad8 19.Qe1 
Qxe1 0-1

[Event "HCL-A089"]
[Site "www.playchess.de"]
[Date "2001.03.18"]
[Round "8"]
[White "Luna"]
[Black "Lydeking"]
[WhiteElo "2035"]
[BlackElo "1658"]
[PlyCount "41"]
[Result "1-0"]

1.e4 {Do you speak German? Anyway, I wish you good 
luck! Hope you'll enjoy the game.}  c5 {no, not 
German. Good luck too}  2.Nf3 Nc6 3.d4 cxd4 4.Nxd4 
Nf6 5.Nc3 e5 6.Ndb5 d6 7.Bg5 a6 8.Na3 b5 9.Nd5 Be7 
10.Bxf6 Bxf6 11.c3 O-O 12.Nc2 Rb8 13.a3 Bg5 14.g3 
Ne7 15.Ncb4 a5 16.Nxe7+ Qxe7 17.Nc6 Qb7 18.Qxd6 
Bd7 19.h4 Bf6 20.Nxb8 {I think this was a 
mistake... You should have taken my knight...}  
Qxe4+ {yes, chess sucks}  21.Kd2 {I don't know 
exactly what suck mean is this case, but certainly 
you're right :-)}  1-0

[Event "HCL-A089"]
[Site "www.playchess.de"]
[Date "2001.03.18"]
[Round "9"]
[White "Lydeking"]
[Black "peze"]
[WhiteElo "1658"]
[BlackElo "2018"]
[PlyCount "31"]
[Result "1/2-1/2"]

1.e4 e5 2.Nf3 Nf6 3.Nc3 Nc6 4.d4 exd4 5.Nxd4 Bb4 
6.Nxc6 bxc6 7.Bd3 O-O 8.O-O d5 9.exd5 cxd5 10.Bg5 
c6 11.Qf3 Bd6 12.Rfe1 Rb8 13.Na4 Rb4 14.b3 Bg4 
15.Bxf6 Qxf6 16.Qxf6 1/2-1/2

[Event "HCL-B205"]
[Site "www.playchess.de"]
[Date "2001.03.18"]
[Round "7"]
[White "PieceSeeker"]
[Black "Translightor"]
[WhiteElo "1328"]
[BlackElo "1476"]
[PlyCount "54"]
[Result "0-1"]

1.e4 c5 {Hi & Good Luck!}  2.Nf3 {Good luck to you 
also!}  e6 3.Bb5 a6 4.Ba4 b5 5.c4 bxa4 6.Qxa4 
{oops!}  Bb7 {This has happened to other players 
before...}  7.Nc3 Nc6 8.O-O Nge7 9.Rd1 Nc8 10.Ne2 
Qc7 11.d4 cxd4 12.Nexd4 Nxd4 13.Rxd4 Nb6 14.Qa5 
Bc5 15.Bf4 d6 16.Bxd6 Bxd6 17.b4 Nc8 18.Qg5 O-O 
19.Rad1 Be7 20.Qg3 Qxg3 21.hxg3 Bxb4 22.Rb1 Bc5 
23.Rxb7 Bxd4 24.Nxd4 Nd6 25.Rc7 Nxe4 26.f3 Nc3 
27.a3 Rfc8 0-1

[Event "HCL-A092"]
[Site "www.playchess.de"]
[Date "2001.03.18"]
[Round "7"]
[White "sazex"]
[Black "One_i"]
[WhiteElo "1864"]
[BlackElo "1484"]
[PlyCount "20"]
[Result "0-1"]

1.e4 d5 {good luck to you from Canada}  2.exd5 Nf6 
3.d4 Bg4 4.f3 Bf5 5.g4 Bg6 6.c4 e6 7.Qb3 b6 8.dxe6 
Qxd4 9.Ne2 Qd8 10.Nf4 Bc5 0-1

[Event "HCL-B206"]
[Site "www.playchess.de"]
[Date "2001.03.18"]
[Round "13"]
[White "DrJon"]
[Black "Whatever"]
[WhiteElo "1300"]
[BlackElo "1537"]
[PlyCount "71"]
[Result "1-0"]

1.d4 {Have a good game, handshake}  Nf6 {...and 
the same to you.}  2.Nf3 g6 3.c4 c5 4.e3 Bg7 5.Nc3 
O-O 6.d5 d6 7.e4 Na6 8.a3 Nc7 9.Bd3 Rb8 10.O-O a6 
11.a4 b5 12.axb5 axb5 13.cxb5 Bd7 14.Qe2 Ng4 
15.Bf4 e5 16.dxe6 Bxe6 {I think Sg4 was a terrible 
move. We'll see.}  17.Rfd1 Qe7 18.Bc4 Ne5 19.Bxe6 
Qxe6 20.Ra7 Rfc8 21.Ng5 {Sg4?}  Qf6 22.Bxe5 Qxe5 
23.Nxf7 {I do not know what Sg4 means a different 
notation type?}  Kxf7 {It is from a german opening 
book. It is Ng4. You should know what the terrible 
move was. You exploit}  24.Nd5 Qxb2 {You did a 
graet job of exploiting this weakness. it very 
well}  25.Qxb2 {Thank you.}  Bxb2 {and why, if I 
may ask, didn't you give your queen to me, like 
translightor?}  26.Nxc7 {Good point, grin.}  Kg8 
27.Nd5 Rce8 {I mean I knew you had an advantage - 
but that much?}  28.f3 {I am too generous, grin}  
Be5 29.b6 Ref8 30.Ne7+ {good move}  Kh8 {We will 
see soon.}  31.b7 Rf7 32.Ra8 {heck of a game, gl}  
d5 33.Nc6 {fine move from Idaho}  Rfxb7 34.Nxb8 
Bxb8 35.exd5 Kg7 {You are a good chess player.}  
36.d6 {Thank you, you are also playing well.} 
 1-0

[Event "ACL-E003"]
[Site "www.playchess.de"]
[Date "2001.03.18"]
[Round "19"]
[White "player27"]
[Black "Bill"]
[WhiteElo "1695"]
[BlackElo "1722"]
[PlyCount "73"]
[Result "1/2-1/2"]

1.Nf3 {hello Bill *handshake* good luck}  d5 
{Thank you, good luck to you.}  2.g3 { )}  Bg4 
3.Bg2 c6 4.O-O e6 5.d4 Bd6 6.Nbd2 Ne7 7.b3 Nd7 
8.Bb2 Nf6 9.c4 O-O 10.Re1 Qa5 11.Qc2 Bf5 12.Qc1 
Ng6 13.Bc3 Qc7 14.c5 Be7 15.a4 Rfb8 16.a5 b6 
17.cxb6 axb6 18.b4 bxa5 19.bxa5 Bd6 20.e3 Bd3 
21.Qd1 c5 22.dxc5 Qxc5 23.Rc1 Qa3 24.Bf1 Bxf1 
25.Rxf1 Be7 26.Qc2 Rbc8 27.Nb1 Qc5 28.Qb2 Rcb8 
29.Qa1 Ne4 30.Bxg7 Qb4 31.Bc3 Nxc3 32.Qxc3 Qxa5 
33.Qxa5 Rxa5 34.Nd4 Rc5 35.Nc6 Rc8 36.Nxe7+ Nxe7 
37.Rxc5 1/2-1/2

[Event "ACL-A110"]
[Site "www.playchess.de"]
[Date "2001.03.18"]
[Round "5"]
[White "oliverio_g"]
[Black "Habi"]
[WhiteElo "1500"]
[BlackElo "1542"]
[PlyCount "22"]
[Result "0-1"]

1.e4 e6 2.d4 d5 3.exd5 {Hello Habi.}  exd5 {Hello} 
 4.Nf3 Nf6 5.Bd3 Be7 6.O-O Bg4 7.Re1 O-O 8.h3 {Hi 
Habi ¿How are you doing up there?}  Bxf3 9.Qxf3 c6 
10.Bf4 Nbd7 11.Nd2 Re8 0-1

[Event "ACL-A110"]
[Site "www.playchess.de"]
[Date "2001.03.18"]
[Round "17"]
[White "Habi"]
[Black "adamant"]
[WhiteElo "1542"]
[BlackElo "1500"]
[PlyCount "31"]
[Result "1-0"]

1.e4 c5 2.Nf3 Nc6 3.d4 cxd4 4.Nxd4 d6 5.Nc3 g6 
6.Be3 Bg7 7.Qd2 Nf6 8.f3 O-O 9.O-O-O Re8 10.h4 Ne5 
11.Bh6 Bxh6 12.Qxh6 Bd7 13.h5 Nxh5 14.g4 Ng7 
15.Qxh7+ Kf8 {sorry about the quick i moved to 
fast}  16.Qh8+ 1-0

[Event "HCL-E034"]
[Site "www.playchess.de"]
[Date "2001.03.18"]
[Round "5"]
[White "O1"]
[Black "narbiepa"]
[WhiteElo "2000"]
[BlackElo "2000"]
[PlyCount "29"]
[Result "1/2-1/2"]

1.e4 e5 2.f4 Qh4+ 3.g3 Qe7 4.fxe5 d6 5.exd6 Qxe4+ 
6.Qe2 Qxe2+ 7.Nxe2 Bxd6 8.Bg2 Nc6 9.c3 h5 10.d4 h4 
11.Bf4 hxg3 12.hxg3 Rxh1+ 13.Bxh1 Bg4 14.Nd2 Kd7 
15.Bf3 1/2-1/2

[Event "HCL-B210"]
[Site "www.playchess.de"]
[Date "2001.03.18"]
[Round "9"]
[White "roofus"]
[Black "runciter"]
[WhiteElo "1248"]
[BlackElo "1500"]
[PlyCount "32"]
[Result "0-1"]

1.d4 Nf6 2.Nc3 d5 3.Nf3 Bg4 4.h3 Bxf3 5.exf3 e6 
6.f4 a6 7.Qe2 c5 8.Be3 cxd4 9.Bxd4 Nc6 10.Qe3 Be7 
11.Bc5 d4 12.Qg3 Bxc5 13.Qxg7 Rg8 14.Qh6 dxc3 
15.bxc3 Ne4 16.Qxh7 Qd2+ 0-1

[Event "ACL-A114"]
[Site "www.playchess.de"]
[Date "2001.03.18"]
[Round "6"]
[White "pgschumy"]
[Black "Aldebaran"]
[WhiteElo "1403"]
[BlackElo "1500"]
[PlyCount "21"]
[Result "1-0"]

1.e4 {hi!}  e5 {hello, have a nice game}  2.Nf3 
Nc6 3.Bb5 Nge7 4.O-O a6 5.Ba4 d6 6.c3 Be6 7.d4 
exd4 8.cxd4 Qd7 9.d5 b5 10.Bb3 Bg4 
11.dxc6 1-0

[Event "ACL-A114"]
[Site "www.playchess.de"]
[Date "2001.03.18"]
[Round "10"]
[White "Aldebaran"]
[Black "Avulcan"]
[WhiteElo "1500"]
[BlackElo "1500"]
[PlyCount "26"]
[Result "0-1"]

1.e4 {Hi, have a nice game}  Nf6 {Hi!}  2.Nc3 e5 
3.Nf3 Bb4 4.a3 Bxc3 5.bxc3 d6 6.d3 h6 7.Be3 O-O 
8.Qd2 Ng4 9.h3 Nxe3 10.Qxe3 Nd7 11.Be2 Re8 12.O-O 
Nf8 13.Rab1 b6 0-1

[Event "HCL-C207"]
[Site "www.playchess.de"]
[Date "2001.03.18"]
[Round "3"]
[White "Aldebaran"]
[Black "lienk"]
[WhiteElo "1000"]
[BlackElo "1082"]
[PlyCount "20"]
[Result "0-1"]

1.e4 {Hello, have a nice game}  e5 {Hi where are 
you from? I'm from Jakarta,Indonesia, Asia}  2.Nf3 
{I'm from Tarragona, near to barcelona in 
Catalonia (Spain)}  Nc6 {How do you say Hello in 
Spanish?}  3.Bb5 {We suy "hola"}  Nf6 {We say halo 
in Indonesian}  4.Nc3 {I say "halo" to you}  Bc5 
5.a3 a6 6.Ba4 b5 7.Bb3 h6 8.d3 Ng4 9.Be3 Nxe3 
10.fxe3 Bxe3 0-1

[Event "HCL-B216"]
[Site "www.playchess.de"]
[Date "2001.03.18"]
[Round "5"]
[White "virgil"]
[Black "serpens"]
[WhiteElo "1500"]
[BlackElo "1297"]
[PlyCount "25"]
[Result "1-0"]

1.e4 e6 2.d4 b6 3.Nf3 Bb7 4.Nc3 c5 5.Be3 cxd4 
6.Bxd4 Nf6 7.Ne5 Nxe4 8.Qd3 Nxc3 9.Bxc3 Bc5 
10.O-O-O Bd5 11.Qg3 O-O 12.Nc6 Bxc6 
13.Qxg7+ 1-0

[Event "CCL-E013"]
[Site "www.playchess.de"]
[Date "2001.03.18"]
[Round "23"]
[White "wardvet"]
[Black "Chessy"]
[WhiteElo "2000"]
[BlackElo "2000"]
[PlyCount "25"]
[Result "1/2-1/2"]

1.e4 {Good Luck}  c5 {Good luck,too!}  2.f4 d5 {I 
am using Shredder 5, and you?}  3.exd5 Nf6 4.c4 
{Chessmaster 8000}  e6 5.dxe6 Bxe6 6.Nf3 Nc6 7.Nc3 
Be7 8.Be2 O-O 9.O-O Bf5 10.d3 Re8 11.Nh4 Be6 
12.Nf3 Bf5 13.Nh4 1/2-1/2

[Event "ACL-A117"]
[Site "www.playchess.de"]
[Date "2001.03.18"]
[Round "8"]
[White "guerino"]
[Black "Alyaspogi"]
[WhiteElo "1325"]
[BlackElo "1388"]
[PlyCount "33"]
[Result "1-0"]

1.e4 c5 2.Nf3 Nc6 3.d4 cxd4 4.Nxd4 Qb6 5.Nxc6 dxc6 
6.Bd3 e6 7.O-O Bd6 8.Nd2 Ne7 9.Nc4 Qc7 10.Nxd6+ 
Qxd6 11.f4 Qc7 12.Be3 Bd7 13.Qf3 f5 14.exf5 exf5 
15.Rae1 O-O-O 16.Bxa7 c5 17.Rxe7 1-0